Vatikan A-Z - Statistiken

Allgemein
  • Dieses Quiz wurde 107 mal gespielt
  • Das Durchschnittsergebnis liegt bei 16 aus 26
Antwortstatistiken
# Hinweis Antwort % Korrekt
I Nachbarland Italien
98%
L Amtssprache Latein
97%
R Umgebende Stadt Rom
95%
B „Wir sind Papst!“ 2005-2013 Benedikt XVI
94%
D Offizielle Sprache der Militär- & Polizeigarde Deutsch
94%
M Bemalte die Decke der Sixtinischen Kapelle Michelangelo
92%
T FlussNicht unmittelbar angrenzend Tiber
91%
F Staatsoberhaupt Franziskus
88%
J Papst 1978-2005 Johannes Paul II
87%
G Papst der den Julianischen Kalender und dessen Schaltsystematik ersetzte Gregor XIII
86%
E Der Vatikan hat mit unter 1000 weltweit am wenigsten davon Einwohner
85%
V Universalgenie, Ingenieur und Künstler der in späten Jahren für den Papst arbeitete Leonardo da Vinci
66%
K Kardinalsversammlung mit Recht zur Papstwahl Konklave
62%
W US-Präsident, welcher als Erster einen Papst traf Woodrow Wilson
59%
N Päpstlicher Diplomat Nuntius
47%
A Päpstliche Residenz bis 2013 {Apostolischer} Palast
46%
S "Ich aber sage dir: Du bist Petrus und auf diesen Felsen werde ich meine Kirche bauen und die Pforten der Unterwelt werden sie nicht überwältigen." Matthäus 16,18 {Simon} Petrus
46%
Y In der Antike befand sich ein Circus Neros im Vatikan Viele Christen erduldeten dort ihr ________ Enthält ein Y Martyrium
40%
U "Deus lo vult!" 1095 Urban II
39%
H Synonym und unabhängiges völkerrechtliches Subjekt Heiliger Stuhl
34%
Q Päpstliche Residenz bis 1871 Einer der 7 Hügel #Rs {Quirinals}palast
31%
O Sammelbezeichnung für mit Rom unierte Kirchen Katholische {Ost}kirchen
29%
P Brückenbauer Pontifex
28%
Z Griechischstämmiger Papst der den fränkischen Hausmeier Pippin zum König krönte Zacharias
22%
X Griechischer Name von Papst Sixtus ILatinisierte Form funktioniert auch (Anagramm) Xystos I
17%
C "Friedhof der Deutschen und der Flamen" Campo Santo Teutonico
7%
Keine übereinstimmenden Quizze gefunden
Verteilung der Resultate
Anzahl Personen mit jedem Resultat
Perzentil nach korrekt beantworteten Fragen
Ihre Resultats-Entwicklung
Sie haben dieses Quiz noch nicht gespielt